| 000 | 00906nam a2200241 a 4500 | ||
|---|---|---|---|
| 001 | 50672 | ||
| 003 | BD-RjUL | ||
| 005 | 20211209075539.0 | ||
| 008 | 160828s1958 us 001 0 eng d | ||
| 035 | _a(BD-RjUL)50792 | ||
| 040 |
_aPLF _cPLF _dEUX _dBD-RjUL _beng |
||
| 041 | _aeng | ||
| 082 |
_223 _a501 _bWHF 1958 |
||
| 100 | 1 |
_aWhittaker, E. T. _q(Edmund Taylor), _d1873-1956. _9151723 |
|
| 245 | 1 | 0 |
_aFrom Euclid to Eddington : _ba study of conceptions of the external world / _cby Sir Edmund Whittaker |
| 250 | _aNew Dover ed. | ||
| 260 |
_aNew York : _bDover publication, _c1958 |
||
| 300 |
_a212 p. : _bill. ; _c21 cm. |
||
| 500 | _a"This new Dover edition... is an unnaltered republication of the first edition. It is published through special arrangment with Cambridge University Press." | ||
| 650 | 0 |
_aScience _xPhilosophy _9151724 |
|
| 830 | 0 |
_aTarner lectures ; _v1947 _9151726 |
|
| 942 |
_2ddc _cBK |
||
| 999 |
_c50672 _d50672 |
||